000 00497nam a2200157 a 4500
001 000028244
005 20200930031454.0
008 110407s2009 dr b 000 0 spa d
040 _aDO-SdBNP
_bspa
_cBNPHU
100 1 _aHernádez E., Carmen Rosa
_955240
245 1 3 _aLa historia con ojos de mujer /
_cidea y producción general Carmen Rosa Hernádez E.
260 _aSanto Domingo :
_bMargraf,
_c2009.
300 _a75 p. :
_bretr. ;
_c22 cm.
504 _aBibliografía : p.73-75
049 _aBNPD
999 _c27736
_d27736